000 00740nam a2200229Ii 4500
003 JO-AjNU
008 230605s9999||||xx |||||||||||||| ||und||
017 _a2008/9/3114
020 _a978-9957-11-774-0
040 _aJO-AjNU
_bara
_erda
_cJO-AjNU
041 _aara
050 1 4 _aQA 76 .73 .B3 D38 2009
100 3 _aالداود، عصام / م. مشارك عبدالله بساطة ,
_eauthor
_927477
245 0 0 _a Visual Basic.NET
250 _aط1
264 3 1 _aعمان:دار وائل، 2009
300 _a363ص
336 _atext
_btxt
_2rdacontent
337 _aunmediated
_bn
_2rdamedia
338 _avolume
_bnc
_2rdacarrier
650 4 _aالبرامج الحاسوبيه -الحواسيب -طرق التعلم
_927478
999 _aA10543
_c14111
_d14111